000 01675nam a2200241Ia 4500
001 19363
003 GE_BSU
008 181216s||||||||xx |||||||||||||| ||und||
020 _a999288634X
040 _cGE_BSU
080 _a621.396
245 _aციფრული გადაცემის თანამედროვე ტექნოლოგიები
245 _cრედ: მანან უკლება,ნ.თამაზაშვილის,ნ.გოთუას,თ.ვეკუას,თ.კიკნაძის,ი.კუბეციას და სხვ.რედაქციით
260 _aთბილისი
260 _bდედაენა
260 _c2001
300 _a271გვ;ცხრ,21სმ.
653 _aგანხილულია ტელეკომინიკაციის სფეროში დღეისათვის დანერგილი თანამედროვე ტექნოლოგიები.დაწვრილებითაა გაანალიზებული: გადაცემის ციფრული მეთოდების თავისებურებანი.ნაშრომი განკუთვნილია ტელეკომუნიკაციის სფეროში მომუშავე სპეციალისტებისათვის.
653 _aელექტროტექნიკა
653 _aინჟინერია
653 _aციფრული გადაცემის თანამედროვე ტექნოლოგიები
942 _cBK
999 _c52345
_d52345